000 00648nam a2200217Ia 4500
005 20260429111953.0
008 260429s9999||||xx |||||||||||||| ||und||
020 _a9783110757910
041 _aEnglish
082 _a658.155
_bRAM
100 _aRamakrishna, Saloni P.
245 0 _aClimate change risk management in banks :
_bthe next paradigm /
_cSaloni P. Ramakrishna
260 _aGermany :
_bDe Gruyter,
_c2024.
300 _axix, 306 p.; hb
440 _aThe moora choudhry global banking series
650 _a Climate change
650 _a Financial management
650 _a Risk management
650 _aManagement
942 _cTB
999 _c51685
_d51685